Proyecto Zapatero: crónica de un asalto a la sociedad

Salvato in:
Dettagli Bibliografici
Autori principali: Arsuaga Rato, Ignacio (Autore), Vidal Santos, Miguel (Autore)
Natura: Libro
Lingua:spagnolo
Pubblicazione: Madrid HazteOir.org 2010
Santiago MueveteChile.org 2010
Edizione:1a. ed
Soggetti:
Tags: Aggiungi Tag
Nessun Tag, puoi essere il primo ad aggiungerne!!

MARC

LEADER 00000cam a2200000 a 4500
001 UCG8525
003 CL-VaPUC
008 111212e20101100SP |||||||||||||||||spa|d
020 |a 9788461451975España 
020 |a 9789563451306Chile 
082 0 4 |a 946.08  |b ARS  |2 21 
100 0 |a Arsuaga Rato, Ignacio  |e author  |9 559585 
700 0 |a Vidal Santos, Miguel  |e author  |9 559586 
245 1 0 |a Proyecto Zapatero: crónica de un asalto a la sociedad 
250 |a 1a. ed 
300 |a 144 p 
942 |c BK 
945 |d 20111212 00:00:00  |a dcastane 
260 |a Madrid  |b HazteOir.org  |c 2010 
260 |a Santiago  |b MueveteChile.org  |c 2010 
650 7 |a HISTORIA DE ESPAÑA SIGLO 20  |2 CL-VaPUC  |9 559587 
650 7 |a CRISIS POLITICA  |2 CL-VaPUC  |9 327740 
650 0 |a Movimientos revolucionarios  |9 349711 
650 0 |a Populismo  |9 403172 
583 |a last modification  |c 20111212 13:13:00  |k Rodrigo Vera 
999 |c 346132  |d 346130 
952 |0 0  |1 0  |4 0  |6 946_080000000000000_ARS_2010_2010  |7 0  |8 A  |9 446637  |a BIBCUR  |b BIBCUR  |d 2019-11-22  |i 4812336  |o 946.08 ARS 2010 2010  |p 4812336  |r 2025-04-22  |w 2019-11-22  |y BK  |k PER